|
|
|
|
| LEADER |
00000nam a22000007i 4500 |
| 001 |
IT\ICCU\CFI\0428803 |
| 003 |
ItRI |
| 005 |
20260217225326.0 |
| 008 |
990511s1999 it |||||| ||||| |||||c |
| 020 |
|
|
|a 8886865112
|
| 040 |
|
|
|b ita
|c ARCIGAY RIMINI
|
| 041 |
|
7 |
|a ita
|2 ISO-639-2
|
| 100 |
0 |
|
|a Clam
|0 IT\ICCU\CFIV\172969
|4 aut
|
| 245 |
1 |
3 |
|a La fossa /
|c Clam.
|
| 260 |
|
|
|a Forlì :
|b Zoe,
|c \1999!
|
| 300 |
|
|
|a 185 p. ;
|c 20 cm.
|
| 942 |
|
|
|2 ddc
|c BK
|
| 952 |
|
|
|0 0
|1 0
|2 ddc
|4 0
|6 853_914000000000000_CLA_FOS
|7 1
|9 2536
|a RN
|b RN
|d 2024-12-30
|l 0
|o 853.914 CLA FOS
|p 9980
|r 2024-12-30 16:22:36
|w 2024-12-30
|y BK
|
| 952 |
|
|
|0 0
|1 0
|2 ddc
|4 0
|6 B_LNR02CLAMFOS11
|7 0
|9 8551
|a MI
|b MI
|d 2002-12-01
|i 4269
|l 0
|o B-LNR02-CLAM-FOS11
|p CDOM4269
|r 2025-07-17 21:50:30
|w 2025-07-17
|x DONO
|y BK
|
| 952 |
|
|
|0 0
|1 0
|4 0
|6 DOC_853_914000000000000_CLA
|7 0
|9 18004
|a BO
|b BO
|d 2026-01-15
|i 6668
|l 0
|o DOC 853.914 CLA
|p BO6668
|r 2026-01-15 23:19:50
|w 2026-01-15
|x [Sebina 5] [1 v.]
|y BK
|z 1 v.
|
| 952 |
|
|
|0 0
|1 0
|4 0
|6 853_914000000000000_CLA_FOS
|7 0
|9 32953
|a VR
|b VR
|d 2026-02-16
|i 15
|l 0
|o 853.914 CLA FOS
|p OBE-15
|r 2026-02-16 15:28:36
|w 2026-02-16
|y BK
|
| 999 |
|
|
|c 2202
|d 2202
|